Marseille 2010's Starting XI - Statistics

General Stats
  • This quiz has been taken 3,250 times
    2,843 since last reset
  • The average score is 26 of 55
Answer Stats
Player % Correct
Steve Mandanda
97%
Dimitri Payet
84%
Hiroki Sakai
83%
Florian Thauvin
78%
André Ayew
74%
André-Pierre Gignac
72%
Michy Batshuayi
61%
Mathieu Valbuena
60%
Rolando
60%
Valère Germain
60%
Mamadou Niang
59%
Yohann Pelé
59%
Jérémy Morel
58%
Lucho González
58%
Nicolas Nkoulou
57%
Lucas Ocampos
56%
Luiz Gustavo
55%
Andre-Frank Zambo Anguissa
53%
Taye Taiwo
53%
Adil Rami
52%
Gabriel Heinze
52%
César Azpilicueta
51%
Souleymane Diawara
50%
Brandão
49%
Maxime Lopez
47%
Benoît Cheyrou
46%
Bouna Sarr
46%
Boubacar Kamara
45%
Morgan Sanson
45%
Joey Barton
44%
Bafétimbi Gomis
42%
Henri Bedimo
41%
Karim Rekik
41%
Lassana Diarra
39%
Mauricio Isla
39%
Alou Diarra
38%
Charles Kaboré
38%
Stéphane Mbia
38%
Benjamin Mendy
36%
Benjamin Mendy
36%
Jordan Amavi
36%
Brice Dja Djédjé
35%
Abdelaziz Barrada
33%
Rod Fanni
33%
Alaixys Romao
32%
Loïc Rémy
32%
Édouard Cissé
30%
Giannelli Imbula
29%
Rémy Cabella
29%
Javier Manquillo
28%
Georges-Kévin N'Koudou
27%
Laurent Bonnart
26%
Lucas Mendes
20%
Morgan Amalfitano
20%
William Vainqueur
13%
No matching quizzes found
Score Distribution
Percent of People with Each Score
Percentile by Number Answered
Your Score History
You have not taken this quiz since the last reset